000 00816nam a2200265Ia 4500
003 OSt
005 20220924125815.0
006 a|||||r|||| 00| 0
007 ta
008 220923b |||||||| |||| 00| 0 per d
020 _a9789641941187 (pbk)
020 _cINR 550.00
024 _a353761
037 _b2362, 12/02/2020, M.R. Publications
_cTextual
040 _aARTS
_cARTS
_bper
041 _2per
_aper
082 _aO164,3vN, Q7
100 _aFarsheed Mehboobah Bahzad Au.
_9198934
245 0 _aPast-e-hisar
260 _aTehran
_bIntasharat roshangiran-o-mutlaat zinan Iran
_c2017
300 _a678p.
_ccm.
650 _aPERSIAN FICTION
942 _hO164,3vN, Q7
_cTEXL
_2CC
999 _c423390
_d423390